[Event "Ä15Ï"]
[Site "Loo"]
[Date "2017.04.27"]
[Round "8.10"]
[White "Øóìàêîâà, Ñâåòëàíà."]
[Black "Êàìàåâà, Äæàìèëÿ."]
[Result "0-1"]
[WhiteElo "1494"]
[BlackElo "1563"]
[PlyCount "82"]
[EventDate "2017.04.20"]

1. d4 Nf6 2. e3 e6 3. f4 c5 4. c3 d5 5. Nf3 Nc6 6. Bd3 Bd6 7. O-O O-O 8. Nbd2
b6 9. Ne5 Bb7 10. Rf3 cxd4 11. exd4 Ne7 12. Rh3 Ne4 13. Qh5 h6 14. Ndf3 Nf5 15.
Ne1 Rc8 16. Qf3 Qc7 17. Bc2 b5 18. g4 Ne7 19. g5 Nf5 20. gxh6 Nxh6 21. Bxe4
dxe4 22. Qh5 f5 23. Qg6 Rf6 24. Qg3 Bd5 25. Ng2 b4 26. Bd2 Qa5 27. Nh4 bxc3 28.
bxc3 Qa3 29. Bc1 Qa4 30. Nhg6 Qd1+ 31. Kf2 Kh7 32. Qe3 Rxg6 33. Nxg6 Kxg6 34.
Rg3+ Ng4+ 35. Kg2 Kf7 36. Rxg4 Qxg4+ 37. Kf2 Rh8 38. Qg3 Qd1 39. Ke3 Bc4 40.
Kf2 Qe2+ 41. Kg1 Qf1# 0-1

[Event "Ä15Ï"]
[Site "Loo"]
[Date "2017.04.27"]
[Round "8.11"]
[White "Ëèíöîâà, Ëèëèÿ."]
[Black "Òóêàåâà, Àèäà."]
[Result "0-1"]
[WhiteElo "1524"]
[BlackElo "1852"]
[PlyCount "74"]
[EventDate "2017.04.20"]

1. d4 Nf6 2. Bf4 e6 3. e3 c5 4. c3 Nc6 5. Nf3 d5 6. Nbd2 Bd6 7. Bg3 O-O 8. Bd3
c4 9. Bc2 Re8 10. Ne5 Bxe5 11. dxe5 Nd7 12. Nf3 h6 13. O-O Qc7 14. Ba4 Nc5 15.
Nd4 Bd7 16. Nxc6 Bxc6 17. Bc2 b5 18. a3 a5 19. Qe2 Qb7 20. Rfb1 b4 21. f4 Qb6
22. Bf2 Reb8 23. Qd2 bxc3 24. Qxc3 Nb3 25. Ra2 a4 26. Rd1 Qa5 27. Be1 Qc5 28.
Bf2 Qb5 29. Rb1 Rb7 30. Kh1 Rab8 31. Kg1 d4 32. exd4 Qd5 33. Qg3 Nxd4 34. Bxd4
Qxd4+ 35. Qf2 Qxf2+ 36. Kxf2 c3 37. g3 Bd5 0-1

[Event "Ä15Ï"]
[Site "Loo"]
[Date "2017.04.27"]
[Round "8.12"]
[White "Ñóðêîâà, Åêàòåðèíà."]
[Black "Ãóðîâà, Íàòàëèÿ."]
[Result "0-1"]
[WhiteElo "1428"]
[BlackElo "1644"]
[PlyCount "54"]
[EventDate "2017.04.20"]

1. e4 e6 2. d4 d5 3. e5 c5 4. c3 Nc6 5. Nf3 Bd7 6. Be2 Qb6 7. a3 cxd4 8. cxd4
Nge7 9. Nc3 Nf5 10. Be3 h5 11. Ng5 Ncxd4 12. Bxh5 g6 13. Bg4 Qxb2 14. Bxf5
Qxc3+ 15. Bd2 Qb3 16. Bb1 Qxd1+ 17. Kxd1 Nb3 18. Ra2 Nxd2 19. Kxd2 Bh6 20. f4
Bxg5 21. fxg5 Ke7 22. Bd3 Rh5 23. h4 Rah8 24. Rb2 Bc6 25. Rbb1 Rxh4 26. Rxh4
Rxh4 27. Be2 Re4 0-1

[Event "Ä15Ï"]
[Site "Loo"]
[Date "2017.04.27"]
[Round "8.13"]
[White "Ïàêååâà, Íàìëàíà."]
[Black "Ïè÷íåíêî, Íèíà."]
[Result "1-0"]
[WhiteElo "1630"]
[BlackElo "1507"]
[PlyCount "83"]
[EventDate "2017.04.20"]

1. e4 e5 2. Nf3 Nc6 3. Bc4 Nf6 4. d3 h6 5. O-O Bc5 6. c3 d6 7. Re1 O-O 8. Nbd2
Bg4 9. Nf1 Na5 10. Bb5 c6 11. Ba4 b5 12. Bc2 b4 13. h3 Qb6 14. Be3 Bxe3 15.
Nxe3 Bh5 16. Nf5 bxc3 17. bxc3 Qc5 18. Re3 Rfd8 19. d4 exd4 20. cxd4 Qb6 21.
Rb1 Qc7 22. Ng3 Bg6 23. Nh4 Bh7 24. Ngf5 Kh8 25. Qf3 Bxf5 26. Nxf5 Nh7 27. Qg4
Rg8 28. e5 Nc4 29. Rc3 d5 30. Rg3 Qd7 31. Qh4 Qe6 32. Rb7 Rae8 33. Rxa7 Nd2 34.
Nd6 Ref8 35. Bf5 g5 36. Qg4 Nf6 37. Qe2 Nfe4 38. Bxe6 fxe6 39. Nxe4 Nxe4 40.
Qh5 Rg7 41. Qxh6+ Kg8 42. Rxg7# 1-0

[Event "Ä15Ï"]
[Site "Loo"]
[Date "2017.04.27"]
[Round "8.14"]
[White "Êèñåëåâà, Åëèçàâåòà."]
[Black "Ëûñîêîíü, Ïîëèíà."]
[Result "0-1"]
[WhiteElo "1499"]
[BlackElo "1610"]
[PlyCount "150"]
[EventDate "2017.04.20"]

1. e4 e6 2. d4 d5 3. e5 c5 4. c3 Nc6 5. Nf3 Bd7 6. Bd3 cxd4 7. cxd4 Qb6 8. Bc2
Nb4 9. O-O Nxc2 10. Qxc2 Ne7 11. Nc3 Nc6 12. Be3 Be7 13. Na4 Qc7 14. Rac1 O-O
15. Ng5 Bxg5 16. Bxg5 Qc8 17. Qd2 b6 18. Nc3 Qa6 19. Rfd1 Rfc8 20. Qe3 b5 21.
Qg3 Kf8 22. Qd3 h6 23. Be3 Ne7 24. a4 Qb7 25. axb5 Rcb8 26. Qh7 Ng6 27. h4 Bxb5
28. h5 Ne7 29. Bxh6 gxh6 30. Qxh6+ Ke8 31. Nxb5 Qxb5 32. Rc7 Kd8 33. Rdc1 Rc8
34. R7c5 Rxc5 35. Rxc5 Qe8 36. Qd2 Qa4 37. h6 Kd7 38. h7 Qa1+ 39. Rc1 Qa2 40.
Qb4 Qa6 41. Rc3 Rh8 42. Ra3 Qb6 43. Qa4+ Nc6 44. Rb3 Qc7 45. Qa6 Na5 46. Rc3
Qb6 47. Qc8+ Rxc8 48. Rxc8 Kxc8 49. h8=Q+ Qd8 50. Qh7 Qc7 51. Qg8+ Kb7 52. Qf8
Nc6 53. g4 Nxd4 54. Qb4+ Qb6 55. Qe7+ Ka6 56. Qa3+ Qa5 57. Qd6+ Kb5 58. Qd7+
Nc6 59. Qxf7 Qe1+ 60. Kg2 Qxe5 61. Qb7+ Kc5 62. b4+ Nxb4 63. Qxa7+ Kc4 64. Qe3
Qxe3 65. fxe3 Nd3 66. g5 Ne5 67. Kf2 Kd3 68. e4 Kxe4 69. Ke2 d4 70. Kd2 d3 71.
Ke1 Nf3+ 72. Kd1 Nxg5 73. Kd2 Nf3+ 74. Kd1 Ke3 75. Kc1 Ke2 0-1

[Event "Ä15Ï"]
[Site "Loo"]
[Date "2017.04.27"]
[Round "8.15"]
[White "Ëîñü, ßíà."]
[Black "Õàðèòîíîâà, Èðèíà."]
[Result "1/2-1/2"]
[WhiteElo "1609"]
[BlackElo "1476"]
[PlyCount "111"]
[EventDate "2017.04.20"]

1. e4 e5 2. Nf3 Nc6 3. Bc4 Nf6 4. d3 Bc5 5. O-O d6 6. c3 O-O 7. h3 a6 8. Bb3 h6
9. Re1 Ba7 10. Nbd2 Nh5 11. Nf1 Nf4 12. d4 Qf6 13. Ng3 exd4 14. cxd4 Ng6 15.
Nh5 Qd8 16. a3 Re8 17. Qd3 Nce7 18. Bd2 Bd7 19. Bc3 Bb5 20. Qd2 d5 21. exd5
Nxd5 22. Rxe8+ Bxe8 23. Re1 Bc6 24. Ne5 Nxe5 25. Rxe5 Qd7 26. Bxd5 Bxd5 27.
Qxh6 gxh6 28. Nf6+ Kg7 29. Nxd7 c6 30. Re7 b6 31. Kf1 Rd8 32. g4 b5 33. Ke2 Bb8
34. Ba5 Rg8 35. Nxb8 Rxb8 36. f4 Kf6 37. Ra7 Re8+ 38. Kf2 Re4 39. f5 Rf4+ 40.
Ke2 Rf3 41. h4 Rh3 42. Kd2 Kg7 43. Bd8 Rg3 44. g5 hxg5 45. hxg5 Rf3 46. f6+ Kg6
47. Rxa6 Kxg5 48. Be7 Rf2+ 49. Kc3 Rf3+ 50. Kb4 Rb3+ 51. Kc5 Rxb2 52. Kd6 Rd2
53. Ra8 Rxd4 54. Rg8+ Kf5 55. Kd7 Ra4 56. Rh8 1/2-1/2

[Event "Ä15Ï"]
[Site "Loo"]
[Date "2017.04.27"]
[Round "8.16"]
[White "Òëåöåðè, Äæóëüåòòà."]
[Black "Áåëîâà, Êñåíèÿ."]
[Result "1-0"]
[WhiteElo "1575"]
[BlackElo "1497"]
[PlyCount "101"]
[EventDate "2017.04.20"]

1. e4 e5 2. Nf3 d6 3. d4 exd4 4. Nxd4 Nf6 5. Nc3 Be7 6. f3 O-O 7. Be3 c6 8. Bd3
d5 9. Nde2 Be6 10. O-O c5 11. exd5 Nxd5 12. Nxd5 Bxd5 13. Nf4 Bc6 14. Qe2 Bd6
15. Qf2 Nd7 16. Rfd1 Be5 17. c3 b6 18. Nh5 Qc7 19. Qh4 f5 20. Nf4 Bf6 21. Bc4+
Rf7 22. Bxf7+ Kxf7 23. Qxh7 Re8 24. Qg6+ Kf8 25. Re1 Ne5 26. Qxf5 Kf7 27. Nh5
Bd7 28. Qf4 Qb7 29. Nxf6 gxf6 30. Bf2 Bb5 31. Qh4 Rg8 32. Bg3 Ng6 33. Qg4 Ne5
34. Qh5+ Ng6 35. Qf5 Bd7 36. Qe4 Qc8 37. Qd5+ Be6 38. Qd6 Ne7 39. Qc7 Qa6 40.
Bd6 Re8 41. Bxe7 Rxe7 42. Qf4 Re8 43. h4 Rg8 44. Qc7+ Kf8 45. Rxe6 Rg7 46. Qd6+
Kg8 47. Rxf6 Qc8 48. Qd5+ Kh7 49. Qh5+ Kg8 50. Re1 Rh7 51. Re8+ 1-0

[Event "Ä15Ï"]
[Site "Loo"]
[Date "2017.04.27"]
[Round "8.17"]
[White "Èâàíîâà, Ìàðèÿ."]
[Black "Ãèáàäóëëèíà, Ðàÿíà."]
[Result "1/2-1/2"]
[WhiteElo "1328"]
[BlackElo "1706"]
[PlyCount "80"]
[EventDate "2017.04.20"]

1. e4 c5 2. Nf3 d6 3. d4 cxd4 4. Nxd4 Nc6 5. Nc3 g6 6. Be2 Bg7 7. Nb3 Nf6 8.
O-O O-O 9. Re1 Bd7 10. Bf1 a6 11. Bg5 h6 12. Bh4 b5 13. a3 Rb8 14. Qc1 Kh7 15.
Nd5 Ne8 16. c3 Nc7 17. Qd2 f6 18. Nd4 Ne6 19. Nxe6 Bxe6 20. f4 Bf7 21. Rad1 Qc8
22. Bg3 Qb7 23. Nb4 Na5 24. Nd5 Nb3 25. Qc2 Nc5 26. Qe2 Rbc8 27. Qc2 Rfe8 28.
Qe2 Rcd8 29. Kh1 Qc6 30. Nb4 Qb7 31. Nd5 Rc8 32. Kg1 Rcd8 33. Kh1 Qc6 34. Nb4
Qb7 35. Nd5 Rb8 36. Kg1 Qc6 37. Nb4 Qb7 38. Nd5 Rbc8 39. Kh1 Rcd8 40. Kg1 Qc6
1/2-1/2

[Event "Ä15Ï"]
[Site "Loo"]
[Date "2017.04.27"]
[Round "8.18"]
[White "Ñàìîøêèíà, Âèêòîðèÿ."]
[Black "Ôàéðóçîâà, Çóëüôèÿ."]
[Result "1/2-1/2"]
[WhiteElo "1482"]
[BlackElo "1677"]
[PlyCount "87"]
[EventDate "2017.04.20"]

1. e4 c6 2. d4 d5 3. Nd2 dxe4 4. Nxe4 Bf5 5. Ng3 Bg6 6. Nf3 Nd7 7. Bd3 Bxd3 8.
Qxd3 Ngf6 9. O-O e6 10. Bf4 Be7 11. c4 O-O 12. Rfe1 Re8 13. Rad1 Bb4 14. Re2
Ba5 15. a3 Bc7 16. Ne5 h6 17. b4 a5 18. c5 Nd5 19. Bd2 axb4 20. axb4 N7f6 21.
Ne4 Nxe4 22. Rxe4 Bxe5 23. Rxe5 Ra4 24. Qb3 Qa8 25. Qg3 Ra3 26. f3 Kf8 27. Rh5
Qb8 28. Qh4 Qd8 29. Rxh6 Qxh4 30. Rxh4 Rb3 31. Rh8+ Ke7 32. Rxe8+ Kxe8 33. Kf2
Nxb4 34. Bxb4 Rxb4 35. Kg3 Ke7 36. Kf4 Rb2 37. Rg1 Kf6 38. h4 Rb4 39. Ke4 e5
40. Rd1 Ke6 41. g4 g6 42. Ke3 Rb3+ 43. Kf2 exd4 44. Rxd4 1/2-1/2

[Event "Ä15Ï"]
[Site "Loo"]
[Date "2017.04.27"]
[Round "8.19"]
[White "Òèíèíà, Êðèñòèíà."]
[Black "Åìåëüÿíåíêî, Ìàðèíà."]
[Result "1-0"]
[WhiteElo "1611"]
[BlackElo "1480"]
[PlyCount "43"]
[EventDate "2017.04.20"]

1. e4 Nc6 2. Nf3 d5 3. exd5 Qxd5 4. Nc3 Qa5 5. d4 Bg4 6. Bb5 O-O-O 7. Bxc6 bxc6
8. h3 Qh5 9. Qe2 Bxf3 10. gxf3 Kb8 11. Be3 Qa5 12. O-O-O e6 13. Qc4 Kb7 14. Ne4
Rd5 15. Rhg1 h6 16. Rd3 g5 17. a4 Ne7 18. Rb3+ Kc8 19. Bd2 Rxd4 20. Qxd4 e5 21.
Qc4 Qd5 22. Qa6+ 1-0

[Event "Ä15Ï"]
[Site "Loo"]
[Date "2017.04.27"]
[Round "8.20"]
[White "Ãàðáóçîâñêàÿ, Åëèçàâåòà."]
[Black "Êîçûðåâà, Ìàðèíà."]
[Result "1/2-1/2"]
[WhiteElo "1445"]
[BlackElo "1598"]
[PlyCount "82"]
[EventDate "2017.04.20"]

1. d4 d5 2. c4 e6 3. Nc3 Nf6 4. Bg5 Be7 5. e3 Nbd7 6. Nf3 b6 7. Rc1 Bb7 8. cxd5
Bxd5 9. Nxd5 Nxd5 10. Bxe7 Nxe7 11. Bd3 h6 12. Be4 Rc8 13. Qa4 O-O 14. O-O a5
15. Rc2 c5 16. Rfc1 Qc7 17. a3 f5 18. Bd3 Nd5 19. Qb3 Qd6 20. Nd2 Nc7 21. Bb5
Nxb5 22. Qxb5 Qc6 23. Qxc6 Rxc6 24. b4 Rfc8 25. bxc5 bxc5 26. dxc5 Rxc5 27.
Rxc5 Rxc5 28. Rxc5 Nxc5 29. Nc4 Nb7 30. Kf1 Kf7 31. Ke2 Ke7 32. Kd3 Nc5+ 33.
Kd4 Nb7 34. Kc3 Kd7 35. Kb3 Nc5+ 36. Kc3 Nb7 37. Kb3 Nc5+ 38. Kc3 Nb7 39. Kb3
Nc5+ 40. Kc3 Nb7 41. Kb3 Nc5+ 1/2-1/2

[Event "Ä15Ï"]
[Site "Loo"]
[Date "2017.04.27"]
[Round "8.21"]
[White "Íèêîíîðîâà, Ìåëàíèÿ."]
[Black "Àíäðååâà, Àíàñòàñèÿ."]
[Result "0-1"]
[WhiteElo "1321"]
[BlackElo "1565"]
[PlyCount "26"]
[EventDate "2017.04.20"]

1. e4 e6 2. d4 d5 3. Nc3 Nf6 4. e5 Nfd7 5. Qg4 c5 6. Nf3 a6 7. Bd3 Nc6 8. Be3
Qb6 9. Rb1 cxd4 10. Nxd4 Ndxe5 11. Qf4 Nxd3+ 12. cxd3 Bc5 13. Nce2 e5 0-1

[Event "Ä15Ï"]
[Site "Loo"]
[Date "2017.04.27"]
[Round "8.22"]
[White "Ñêîðîáîãàòîâà, Àíàñòàñèÿ."]
[Black "Êðûëîâà, Ìàðèÿ."]
[Result "0-1"]
[WhiteElo "1547"]
[BlackElo "1308"]
[PlyCount "86"]
[EventDate "2017.04.20"]

1. d4 f5 2. c4 e6 3. Nc3 Nf6 4. Nf3 g6 5. e3 Bg7 6. Bd3 b6 7. O-O Bb7 8. b4 d6
9. Be2 Nbd7 10. Qb3 Qe7 11. c5 Nd5 12. cxd6 cxd6 13. Bb2 h6 14. Rac1 O-O 15.
Nb5 N7f6 16. Nd2 Kh8 17. Nc4 Rfd8 18. a4 a6 19. Nc3 e5 20. Nxd5 Bxd5 21. Qd1
Bxc4 22. Bxc4 d5 23. Be2 e4 24. Qb3 Qb7 25. Rc2 Rac8 26. Rfc1 Bf8 27. b5 a5 28.
Rc6 Bg7 29. R1c3 Rxc6 30. Rxc6 Rc8 31. Qc2 Rxc6 32. bxc6 Qc7 33. Ba3 Ne8 34.
Bb5 Bf6 35. Qb3 Qd8 36. Ba6 g5 37. Qb5 h5 38. Bb7 f4 39. Qa6 Be7 40. Bxe7 Qxe7
41. Qxb6 Qb4 42. Qxb4 axb4 43. c7 Nxc7 0-1

[Event "Ä15Ï"]
[Site "Loo"]
[Date "2017.04.27"]
[Round "8.23"]
[White "Êîíîíîâà, Àíàñòàñèÿ."]
[Black "Âîëêîäàâ, Îëüãà."]
[Result "0-1"]
[WhiteElo "1446"]
[BlackElo "1607"]
[PlyCount "150"]
[EventDate "2017.04.20"]

1. c4 e6 2. Nf3 d5 3. b3 Nf6 4. Bb2 Be7 5. g3 Nc6 6. d4 Bb4+ 7. Nc3 Ne4 8. Rc1
Qe7 9. Bg2 Bxc3+ 10. Bxc3 Nxc3 11. Rxc3 Qb4 12. Qd2 O-O 13. O-O Ne7 14. e3 c6
15. Ne5 Qd6 16. Nd3 Ng6 17. Rd1 Rd8 18. Qc2 e5 19. dxe5 Nxe5 20. Nxe5 Qxe5 21.
cxd5 Bf5 22. e4 Bg6 23. f4 Qf6 24. Qd2 cxd5 25. exd5 h6 26. Rc7 Qb6+ 27. Qd4
Qxc7 28. d6 Qb6 29. Qxb6 axb6 30. Bxb7 Rab8 31. Bc6 Rbc8 32. Bb5 Be4 33. d7 Rc7
34. Re1 f5 35. g4 Kh7 36. gxf5 Bxf5 37. Re8 Rdxd7 38. Bxd7 Rxd7 39. Rb8 Rd6 40.
a4 Bc2 41. b4 Bxa4 42. f5 b5 43. Rb7 Rf6 44. Re7 Rxf5 45. Re4 Rf3 46. Kg2 Rc3
47. Kf2 Bb3 48. Re5 Bc4 49. Rc5 Rb3 50. Rc7 Rxb4 51. Ke3 Rb3+ 52. Kf2 Rb2+ 53.
Kg3 Rc2 54. Rb7 Rc3+ 55. Kf2 Rb3 56. Rc7 Bg8 57. Rb7 Rb2+ 58. Kg3 b4 59. Kh3 b3
60. Kg3 Rc2 61. h3 b2 62. Kh4 Ba2 63. Kh5 Rc5+ 64. Kh4 b1=Q 65. Rxb1 Bxb1 66.
Kg4 Kg6 67. h4 Rc4+ 68. Kg3 Kh5 69. Kh3 Rxh4+ 70. Kg3 Rc4 71. Kh3 Rc3+ 72. Kg2
Kg4 73. Kh2 Rc2+ 74. Kh1 Kg3 75. Kg1 Rc1# 0-1

[Event "Ä15Ï"]
[Site "Loo"]
[Date "2017.04.27"]
[Round "8.24"]
[White "Õîìÿê, Àëåêñàíäðà."]
[Black "Êàñàòêèíà, Ìàðèÿ."]
[Result "1-0"]
[WhiteElo "1599"]
[BlackElo "1258"]
[PlyCount "120"]
[EventDate "2017.04.20"]

1. e4 e5 2. Nf3 Nc6 3. d4 exd4 4. Bc4 Bc5 5. c3 Nf6 6. cxd4 Bb4+ 7. Nc3 Nxe4 8.
Qe2 O-O 9. Qxe4 Re8 10. Ne5 Bxc3+ 11. bxc3 Qe7 12. O-O d6 13. Bd3 f5 14. Nxc6
Qxe4 15. Bxe4 Rxe4 16. Na5 b6 17. Nb3 Bb7 18. Bd2 Rae8 19. Rae1 Ba6 20. Rxe4
fxe4 21. Re1 d5 22. Bf4 c6 23. f3 Bd3 24. fxe4 Bxe4 25. Nd2 Bg6 26. Rxe8+ Bxe8
27. Bd6 Bg6 28. Nf3 Bb1 29. a3 Kf7 30. Ne5+ Ke6 31. Bb8 c5 32. Bxa7 cxd4 33.
cxd4 b5 34. Kf2 Be4 35. g3 Kd6 36. Bc5+ Ke6 37. Ke3 Kf6 38. Ng4+ Kg5 39. Nf2
Bb1 40. Kd2 Kf5 41. Kc3 Ba2 42. Kb4 Bc4 43. Nd1 Kg4 44. Ne3+ Kh3 45. Nxc4 bxc4
46. a4 Kxh2 47. Bd6 Kg2 48. a5 Kf2 49. a6 Ke3 50. Kc3 h5 51. a7 g5 52. a8=Q h4
53. gxh4 gxh4 54. Qh8 Ke4 55. Qxh4+ Kf5 56. Qf4+ Ke6 57. Qe5+ Kf7 58. Qxd5+ Kg6
59. Qf3 Kg7 60. Qf5 Kh6 1-0

[Event "Ä15Ï"]
[Site "Loo"]
[Date "2017.04.27"]
[Round "8.25"]
[White "Ìîèñååâà, Ïîëèíà."]
[Black "Ìàêàðîâà, Àíàñòàñèÿ."]
[Result "0-1"]
[WhiteElo "1425"]
[BlackElo "1562"]
[PlyCount "112"]
[EventDate "2017.04.20"]

1. e4 c5 2. Nf3 e6 3. d4 cxd4 4. Nxd4 a6 5. c4 Qc7 6. a3 Nf6 7. Nc3 b6 8. Be3
Bb7 9. f3 Be7 10. Be2 d6 11. O-O Nbd7 12. Rc1 O-O 13. Qd2 Rac8 14. Rfd1 Qb8 15.
b4 Qa8 16. Nb3 Rfd8 17. Bf2 Bc6 18. Nd4 Ne5 19. Nxc6 Qxc6 20. Qe3 Rb8 21. h3
Ned7 22. f4 a5 23. Bf3 e5 24. Nd5 Bf8 25. b5 Qc8 26. f5 Nxd5 27. cxd5 Nc5 28.
f6 g6 29. Bh4 h6 30. Bf2 Qd7 31. Rb1 Kh7 32. Bg4 Qe8 33. h4 Rb7 34. Qf3 Ra8 35.
Bxc5 bxc5 36. a4 Qd8 37. Kh2 Kg8 38. Bh3 Rab8 39. Rf1 Qb6 40. g4 c4 41. Rfd1
Rc7 42. Rbc1 Qc5 43. Rc2 Qb4 44. Ra1 c3 45. Rac1 Qxa4 46. Rxc3 Rxc3 47. Rxc3
Rxb5 48. g5 Rb2+ 49. Kg3 h5 50. Qd3 Qa1 51. Qf1 Rb1 52. Qd3 Rg1+ 53. Kf3 Qe1
54. Bg2 Qxh4 55. Qe3 Qg4+ 56. Kf2 Qxg2# 0-1

[Event "Ä15Ï"]
[Site "Loo"]
[Date "2017.04.27"]
[Round "8.26"]
[White "Øàðèêîâà, Àðèíà."]
[Black "Èâàíàåâà, Àëèíà."]
[Result "1-0"]
[WhiteElo "1560"]
[BlackElo "1379"]
[PlyCount "65"]
[EventDate "2017.04.20"]

1. e4 e5 2. Nf3 Nc6 3. d4 exd4 4. Nxd4 Nf6 5. Nxc6 bxc6 6. e5 Qe7 7. Qe2 Nd5 8.
c4 Ba6 9. b3 g6 10. Bb2 Bg7 11. Nd2 O-O 12. O-O-O Rae8 13. Re1 f6 14. exf6 Qxe2
15. Rxe2 Bxf6 16. Rxe8 Bxb2+ 17. Kxb2 Rxe8 18. cxd5 Bxf1 19. Rxf1 cxd5 20. Kc2
c5 21. Kd3 Kf7 22. Nf3 Kf6 23. Re1 Rc8 24. Re5 c4+ 25. bxc4 dxc4+ 26. Kc3 d6
27. Ra5 Rc7 28. Ra6 Ke6 29. Nd2 Ke7 30. Nf3 Ke6 31. Nd4+ Kd5 32. f3 Re7 33.
Ra5# 1-0

[Event "Ä15Ï"]
[Site "Loo"]
[Date "2017.04.27"]
[Round "8.27"]
[White "Øàïîâàëîâà, Âèêòîðèÿ."]
[Black "Èâàíîâà, Àíàñòàñèÿ Ñ."]
[Result "0-1"]
[WhiteElo "1400"]
[BlackElo "1538"]
[PlyCount "116"]
[EventDate "2017.04.20"]

1. c4 c5 2. Nc3 Nf6 3. Nf3 d6 4. d3 g6 5. g3 Bg7 6. Bg2 O-O 7. O-O Nc6 8. a3
Bd7 9. Rb1 a5 10. Ne1 Ne8 11. Bd2 Nc7 12. b3 Rb8 13. Nd5 b5 14. Nxc7 Qxc7 15.
cxb5 Rxb5 16. Nc2 Rfb8 17. Bxc6 Qxc6 18. Ne3 Qb7 19. Qc1 Rxb3 20. Rxb3 Qxb3 21.
Bxa5 Bb2 22. Qd2 Bxa3 23. Nc2 Bb4 24. Nxb4 cxb4 25. Qd1 Qxd1 26. Rxd1 Rb5 27.
Ra1 b3 28. Bc3 f6 29. Bb2 Be6 30. Kf1 Rc5 31. Rc1 Rb5 32. Ke1 Ra5 33. Ra1 Ra2
34. Rxa2 bxa2 35. Kd2 Kf7 36. d4 Bf5 37. Kc3 Ke8 38. f3 d5 39. Kb3 Bb1 40. Kb4
Kd7 41. Kc5 e6 42. Bc3 Bc2 43. e3 h5 44. Bb2 g5 45. f4 gxf4 46. gxf4 Bf5 47.
Bc3 Ke7 48. Kc6 Kf7 49. Kd6 Bg4 50. Bb2 Kg6 51. Ke7 Kf5 52. Kf7 Ke4 53. Kxf6
Kxe3 54. Kg5 Kd2 55. f5 exf5 56. Kf4 Kc2 57. Ba1 Kb1 58. Ke5 Kxa1 0-1

[Event "Ä15Ï"]
[Site "Loo"]
[Date "2017.04.27"]
[Round "8.28"]
[White "Ìàëüöåâñêàÿ, Àííà."]
[Black "Áû÷åíêîâà, Àíãåëèíà."]
[Result "0-1"]
[WhiteElo "1358"]
[BlackElo "1500"]
[PlyCount "94"]
[EventDate "2017.04.20"]

1. e4 e6 2. Nf3 d5 3. e5 c5 4. d4 Nc6 5. Be3 Qb6 6. b3 cxd4 7. Nxd4 Nxd4 8.
Bxd4 Bc5 9. Bxc5 Qxc5 10. Nd2 Bd7 11. c4 Ne7 12. Be2 O-O 13. O-O Ng6 14. Nf3
Bc6 15. a3 dxc4 16. Bxc4 Bxf3 17. Qxf3 Nxe5 18. Qh5 g6 19. Qg5 Nf3+ 20. gxf3
Qxg5+ 21. Kh1 Rfd8 22. Rg1 Qf4 23. Rg3 Rd2 24. Rf1 Rad8 25. Kg2 Rd1 26. Be2
Rxf1 27. Bxf1 Rd2 28. a4 Qd4 29. Kh3 Qxf2 30. Bg2 Rd5 31. Kg4 Qd4+ 32. f4 h6
33. h4 Qd1+ 34. Kh3 Rd3 35. Rxd3 Qxd3+ 36. Kh2 Qxb3 37. a5 Qb4 38. Kg3 b5 39.
axb6 axb6 40. Bf3 b5 41. Bg2 Qe1+ 42. Kh3 b4 43. Kh2 b3 44. Kh3 b2 45. Kh2 b1=Q
46. Kh3 Qd3+ 47. Kh2 Qdg3# 0-1

[Event "Ä15Ï"]
[Site "Loo"]
[Date "2017.04.27"]
[Round "8.30"]
[White "Äæàêèÿåâà, Ìàäèíà."]
[Black "Èâàíîâà, Àíàñòàñèÿ."]
[Result "1/2-1/2"]
[WhiteElo "1408"]
[BlackElo "1257"]
[PlyCount "80"]
[EventDate "2017.04.20"]

1. e4 c5 2. Nf3 d6 3. h3 Nc6 4. Bc4 Nf6 5. Nc3 g6 6. d3 Bg7 7. Bg5 Bd7 8. O-O
O-O 9. Re1 a6 10. a3 b5 11. Ba2 Re8 12. Nh2 Ne5 13. f4 Nc6 14. e5 dxe5 15. fxe5
Nh5 16. g4 Bxe5 17. gxh5 Bxh3 18. h6 Qd6 19. Nf1 Bd4+ 20. Be3 Qf6 21. Qe2 Qh4
22. Qf2 Qxf2+ 23. Kxf2 Kf8 24. Bd5 Rac8 25. Bxc6 Rxc6 26. Rab1 Bxf1 27. Kxf1
Bxc3 28. bxc3 c4 29. Bd2 Rd8 30. Re3 Rcd6 31. d4 f6 32. Be1 Kf7 33. Bg3 Rd5 34.
Rbe1 R8d7 35. Re6 a5 36. Ra6 a4 37. Rb6 Rh5 38. Kg2 Rg5 39. Rb8 Rh5 40. Bf4 Rh4
1/2-1/2

[Event "Ä15Ï"]
[Site "Loo"]
[Date "2017.04.27"]
[Round "8.31"]
[White "Áåëîâà, Êñåíèÿ."]
[Black "Ìîñêàëåâà, Àðèíà."]
[Result "0-1"]
[WhiteElo "1352"]
[BlackElo "1504"]
[PlyCount "74"]
[EventDate "2017.04.20"]

1. e4 c5 2. Nf3 d6 3. d4 cxd4 4. Nxd4 Nf6 5. Nc3 a6 6. Bg5 e6 7. f4 Be7 8. Qf3
Qc7 9. O-O-O b5 10. a3 Bb7 11. g4 Nc6 12. Nb3 b4 13. axb4 Nxb4 14. Rg1 Rc8 15.
Bd3 d5 16. Rd2 Nxd3+ 17. Qxd3 dxe4 18. Qe2 Qb6 19. Rdd1 Nd5 20. Nxd5 Bxd5 21.
Nd4 Rb8 22. c3 Qa5 23. Qc2 Ba3 24. bxa3 Qxa3+ 25. Kd2 Rb2 26. Rc1 Rxc2+ 27.
Rxc2 Qa4 28. Rb1 O-O 29. Rcb2 f6 30. Bh4 Qc4 31. Be1 Qd3+ 32. Kc1 e3 33. Rc2 e5
34. Ne2 exf4 35. Nxf4 Qf1 36. Nxd5 Qxe1+ 37. Kb2 Rb8+ 0-1

[Event "Ä15Ï"]
[Site "Loo"]
[Date "2017.04.27"]
[Round "8.32"]
[White "Åãîðîâà, Àíàñòàñèÿ."]
[Black "Ñàðãóçèíà, Ìàðòà."]
[Result "0-1"]
[WhiteElo "1308"]
[BlackElo "1462"]
[PlyCount "92"]
[EventDate "2017.04.20"]

1. d4 Nf6 2. e3 g6 3. Nf3 Bg7 4. g3 d6 5. Bg2 O-O 6. O-O Nbd7 7. Re1 e5 8. dxe5
Nxe5 9. Nxe5 dxe5 10. e4 Be6 11. Nc3 c6 12. b3 Qc7 13. Bb2 Rad8 14. Qc1 Rd6 15.
Ba3 Rfd8 16. Bxd6 Rxd6 17. Rd1 Ng4 18. Rxd6 Qxd6 19. Qb2 Qd2 20. Rf1 Bf8 21. h3
Nxf2 22. b4 Nxh3+ 23. Kh1 c5 24. a3 Qh6 25. Qc1 Nf4+ 26. Kg1 cxb4 27. gxf4 Bc5+
28. Rf2 Bxf2+ 29. Kxf2 bxc3 30. Qe1 Qxf4+ 31. Kg1 Qd2 32. Qg3 Qc1+ 33. Kh2 Qf4
34. Bf3 Qxg3+ 35. Kxg3 h5 36. Kh4 Kg7 37. Kg3 Kh6 38. Kh4 g5+ 39. Kg3 g4 40.
Bd1 Kg5 41. a4 h4+ 42. Kg2 Kf4 43. Kg1 h3 44. Kh2 g3+ 45. Kg1 g2 46. a5 Kg3 0-1

[Event "Ä15Ï"]
[Site "Loo"]
[Date "2017.04.27"]
[Round "8.33"]
[White "Ãàëèìîâà, Çàðèÿ."]
[Black "Òåðåùåíêî, Äàðüÿ."]
[Result "1/2-1/2"]
[WhiteElo "1305"]
[BlackElo "1437"]
[PlyCount "72"]
[EventDate "2017.04.20"]

1. e4 e6 2. d4 d5 3. exd5 exd5 4. Bd3 Bd6 5. c3 Nf6 6. h3 c6 7. Qf3 h6 8. Ne2
Qb6 9. O-O Bd7 10. Re1 O-O 11. Nd2 Qd8 12. Nf1 Re8 13. Bf4 Qc7 14. Bxh6 Ne4 15.
Bf4 f5 16. Bxd6 Qxd6 17. Neg3 g6 18. Rac1 b5 19. a3 a5 20. Ra1 a4 21. h4 Na6
22. Bc2 Kg7 23. h5 Rh8 24. hxg6 Qxg6 25. Nxe4 fxe4 26. Qg3 Qxg3 27. Nxg3 Kf6
28. Re3 Rag8 29. Rae1 Bg4 30. Kf1 Bd7 31. Kg1 Bg4 32. Kf1 Bd7 33. Kg1 Bg4 34.
Kf1 Bd7 35. Kg1 Bg4 36. Kf1 Bd7 1/2-1/2

[Event "Ä15Ï"]
[Site "Loo"]
[Date "2017.04.27"]
[Round "8.35"]
[White "Ìàòþíèíà, Ñîôüÿ."]
[Black "Ëàçóðåíêî, Êñåíèÿ."]
[Result "0-1"]
[WhiteElo "1348"]
[BlackElo "1343"]
[PlyCount "72"]
[EventDate "2017.04.20"]

1. e4 c5 2. Nf3 Nc6 3. d4 cxd4 4. Nxd4 g6 5. Nf3 Bg7 6. Bc4 d6 7. O-O Nf6 8.
Ng5 Ne5 9. Bb5+ Bd7 10. Bxd7+ Qxd7 11. f4 Nc6 12. Nc3 O-O 13. Qd3 Rad8 14. Qg3
Qg4 15. Qxg4 Nxg4 16. Ne2 Nd4 17. Nxd4 Bxd4+ 18. Kh1 Nf2+ 19. Kg1 Nxe4+ 20. Kh1
Nf2+ 21. Kg1 Nd3+ 22. Kh1 Nxc1 23. Raxc1 e5 24. c3 Be3 25. Rce1 Bxf4 26. Nf3 f5
27. g3 Bh6 28. Nxe5 dxe5 29. Rxe5 Rfe8 30. Rfe1 Rxe5 31. Rxe5 Rd1+ 32. Kg2 Rd2+
33. Kh3 Rxb2 34. Re8+ Bf8 35. Rb8 b6 36. a4 Ra2 0-1

[Event "Ä15Ï"]
[Site "Loo"]
[Date "2017.04.27"]
[Round "8.36"]
[White "Ìåðåìüÿíèíà, Êñåíèÿ."]
[Black "Øåëåæîíêîâà, Êñåíèÿ."]
[Result "0-1"]
[WhiteElo "1322"]
[BlackElo "1374"]
[PlyCount "66"]
[EventDate "2017.04.20"]

1. e4 c5 2. Nc3 Nc6 3. g3 g6 4. d3 d6 5. Be3 Bg7 6. Qd2 e6 7. Bg2 Nge7 8. Bh6
Bxh6 9. Qxh6 Nd4 10. Rc1 Qb6 11. Nd1 Bd7 12. c3 Ndc6 13. Ne2 Ne5 14. Qd2 c4 15.
dxc4 Nxc4 16. Qd4 Qxd4 17. cxd4 Bb5 18. b3 Nb6 19. Ne3 O-O 20. Rc7 Nc6 21. d5
exd5 22. exd5 Ne5 23. Rxb7 Rfc8 24. f4 Ned7 25. Bh3 f5 26. Nxf5 gxf5 27. Bxf5
Re8 28. Bg4 Nc5 29. Rxb6 axb6 30. Kd1 Bxe2+ 31. Bxe2 Rxa2 32. Bf3 Nxb3 33. h3
Nd4 0-1

[Event "Ä15Â"]
[Site "Loo"]
[Date "2017.04.27"]
[Round "8.1"]
[White "Âûðòîñó, Íàòàëüÿ."]
[Black "Ñîëîæåíêèíà, Åëèçàâåòà."]
[Result "0-1"]
[WhiteElo "1871"]
[BlackElo "2234"]
[PlyCount "78"]
[EventDate "2017.04.20"]

1. d4 Nf6 2. c4 e6 3. Nf3 b6 4. e3 Bb7 5. Nc3 Bb4 6. a3 Bxc3+ 7. bxc3 Ne4 8.
Qc2 O-O 9. Bd3 f5 10. O-O d6 11. Nd2 Nxd2 12. Bxd2 Nd7 13. e4 f4 14. e5 Qh4 15.
Be4 Bxe4 16. Qxe4 dxe5 17. f3 Rae8 18. Qc6 Qd8 19. Rfe1 Rf5 20. Rad1 exd4 21.
cxd4 Nf8 22. Re4 e5 23. Rde1 Ng6 24. Bc3 Rf6 25. Qb7 Rfe6 26. Bb2 R8e7 27. dxe5
Nxe5 28. Rxe5 Rxe5 29. Rxe5 Rxe5 30. Bxe5 Qd1+ 31. Kf2 Qd2+ 32. Kf1 Qd3+ 33.
Kf2 Qe3+ 34. Kf1 Qxe5 35. Qc8+ Kf7 36. Qd7+ Kf6 37. Qa4 a5 38. Qb3 g6 39. Qa4
Kg5 0-1